[Event "Stockholm op"]
[Site "Stockholm"]
[Date "2011.06.04"]
[Round "5"]
[White "Berg, Bo"]
[Black "Lubimov, Anatoly"]
[Result "0-1"]
[WhiteElo "1997"]
[BlackElo "2197"]
[PlyCount "74"]
[EventDate "2011.06.01"]
[EventType "swiss"]
[EventRounds "7"]
[EventCountry "SWE"]
[SourceTitle "CBM 142 Extra"]
[Source "ChessBase"]
[SourceDate "2011.06.27"]
[SourceVersion "1"]
[SourceVersionDate "2011.06.27"]
[SourceQuality "1"]

1. e4 g6 2. Nc3 Bg7 3. Be2 c5 4. h4 h5 5. g4 hxg4 6. Bxg4 d6 7. Nd5 Bxg4 8. Qxg4 Nf6 9. Nxf6+ Bxf6 10. f4 Qd7 11. Qg3 Nc6 12. Nf3 0-0-0 13. d3 Nd4 14. Nxd4 cxd4 15. h5 gxh5 16. Bd2 Rdg8 17. Qf3 Qg4 18. Qxg4+ Rxg4 19. 0-0-0 h4 20. Rh3 Kd7 21. a4 e6 22. Rf1 Ke7 23. Bb4 e5 24. f5 Bg5+ 25. Kd1 Rg2 26. Rfh1 Rc8 27. c4 Rxb2 28. Be1 Rh8 29. Rg1 f6 30. a5 b5 31. cxb5 Rc8 32. Rxg5 fxg5 33. b6 axb6 34. axb6 Rxb6 35. Ke2 Rb3 36. Bxh4 gxh4 37. Rxh4 Rc2+ 0-1